Statistiques concernant Agglomérations du Québec

Cliquez ici pour prendre le quiz!

Statistiques générales

  • Ce quiz a été pris 26 fois
    (22 depuis la dernière actualisation)
  • Le résultat moyen est 14 sur 28

Statistiques - réponses

PopulationAgglomération% Correct
345,984 (partie québécoise)Gatineau
100%
4,318,505Montréal
100%
824,411Québec
100%
221,043Sherbrooke
93%
160,685Trois-Rivières
87%
88,754Granby
73%
162,416Saguenay
73%
99,722Drummondville
67%
56,123Rimouski
60%
54,411Shawinigan
60%
28,157Sept-Îles
53%
26,970Baie-Comeau
47%
29,580Rivière-du-Loup
47%
33,464Saint-Georges
47%
34,340Val-d'Or
47%
50,441Victoriaville
47%
32,905Alma
40%
43,055Rouyn-Noranda
40%
60,733Saint-Hyacinthe
40%
17,646Matane
33%
41,732Sorel-Tracy
33%
28,659Thetford Mines
33%
51,459Joliette
27%
14,657Cowansville
20%
42,256Salaberry-de-Valleyfield
20%
13,601Sainte-Marie
13%
15,463Dolbeau-Mistassini
7%
13,272Lachute
7%

Distribution des résultats

Percentile par nombre de réponses

% des personnes avec chaque résultat

Votre développement - résultats

Vous n’avez pas pris ce quiz depuis la dernière actualisation